000 00377 a2200133 4500
001 87833
082 _aPR 210
090 _c41295
_d41295
100 _aMuhammad Shafique Ur Rehman, Plt off 16064 73 EC
245 _aDevelopment of code for resin flow simulation
260 _aRisalpur
_bNUST Risalpur
_c2011
300 _aviii, 62p.
_eBabar Saeed
500 _aBE Project Reports
942 _aCAE NUST
_kPR 210
999 _c322906
_d322906